Catálogo

Sobre el orden liberal del mundo (Registro nro. 28436)

Detalles MARC
000 -LEADER
fixed length control field 00386nam a2200169 a 4500
001 - CONTROL NUMBER
control field 28436
003 - CONTROL NUMBER IDENTIFIER
control field Mx-PuUPA
005 - DATE AND TIME OF LATEST TRANSACTION
control field 20230918131110.0
008 - FIXED-LENGTH DATA ELEMENTS--GENERAL INFORMATION
fixed length control field 140415s1997 000 0 spa d
020 ## - INTERNATIONAL STANDARD BOOK NUMBER
International Standard Book Number 9688425117
040 ## - CATALOGING SOURCE
Transcribing agency Mx-PuUPA
041 ## - LANGUAGE CODE
Language code of text/sound track or separate title spa
082 ## - DEWEY DECIMAL CLASSIFICATION NUMBER
Classification number 330.972
Item number MEN
100 ## - MAIN ENTRY--PERSONAL NAME
Personal name Orozco, José Luis
245 ## - TITLE STATEMENT
Title Sobre el orden liberal del mundo
942 ## - ADDED ENTRY ELEMENTS (KOHA)
Source of classification or shelving scheme Dewey Decimal Classification
Koha item type Libro
Existencias
Withdrawn status Lost status Source of classification or shelving scheme Damaged status Not for loan Collection code Home library Current library Shelving location Date acquired Source of acquisition Total Checkouts Full call number Barcode Price effective from Koha item type
    Dewey Decimal Classification   En catalogación General Biblioteca Karol Wojtyla Biblioteca Karol Wojtyla Procesos técnicos 03/12/2013 Donación   617.63 MEL 48884 03/12/2013 Libro